[Event "Baden Wuerttemberg-ch Seniors op 3rd"]
[Site "Freudenstadt"]
[Date "2017.06.30"]
[Round "1"]
[White "Kiefer, Gerhard"]
[Black "Krause, Peter"]
[Result "1-0"]
[WhiteElo "2259"]
[BlackElo "1919"]
[PlyCount "89"]
[EventDate "2017.06.30"]
[EventType "swiss"]
[EventRounds "9"]
[EventCountry "GER"]
[SourceTitle "EXT 2019"]
[Source "ChessBase"]
[SourceDate "2018.10.10"]
[SourceVersion "1"]
[SourceVersionDate "2018.10.10"]
[SourceQuality "1"]

1. e4 c5 2. Nf3 Nc6 3. d4 cxd4 4. Nxd4 Nf6 5. Nc3 e5 6. Ndb5 d6 7. Bg5 a6 8. Na3 b5 9. Bxf6 gxf6 10. Nd5 f5 11. exf5 Bxf5 12. c3 Bg7 13. Nc2 0-0 14. Nce3 Be6 15. Bd3 f5 16. Qh5 e4 17. Bc2 Bxd5 18. Nxd5 Ne5 19. 0-0 Rc8 20. a4 Rc5 21. Rfd1 Qe8 22. Qxe8 Rxe8 23. b4 Rc6 24. axb5 axb5 25. Ra7 Kh8 26. Nc7 Rb8 27. Nxb5 Bf8 28. Rd5 Rbc8 29. h3 Rxc3 30. Nxc3 Rxc3 31. Ba4 Rc1+ 32. Rd1 Rxd1+ 33. Bxd1 d5 34. Ra5 Bxb4 35. Rxd5 Bc3 36. g3 Kg7 37. Kg2 Kf6 38. Rd6+ Kg7 39. Be2 Ng6 40. Rd7+ Kf6 41. Rxh7 f4 42. Ba6 e3 43. fxe3 fxe3 44. Kf3 Bd2 45. Ke4 1-0

[Event "CP-2017-S-00004"]
[Site "LSS email"]
[Date "2017.02.06"]
[Round "?"]
[White "Khanas, Valeriy"]
[Black "Krause, Peter"]
[Result "1/2-1/2"]
[WhiteElo "2330"]
[BlackElo "2388"]
[PlyCount "56"]
[EventDate "2017.02.12"]
[EventType "tourn (corr)"]
[EventRounds "7"]
[EventCountry "GER"]
[SourceTitle "Corr 2022"]
[Source "ChessBase"]
[SourceDate "2021.10.24"]
[SourceVersion "1"]
[SourceVersionDate "2021.10.24"]
[SourceQuality "1"]

1. d4 Nf6 2. c4 e6 3. Nf3 b6 4. g3 Ba6 5. b3 Bb4+ 6. Bd2 Be7 7. Bg2 c6 8. Bc3 d5 9. Nbd2 Nbd7 10. 0-0 0-0 11. Re1 c5 12. e4 dxe4 13. Nxe4 Bb7 14. Nfg5 cxd4 15. Bxd4 Qc7 16. Nxf6+ Bxf6 17. Bxb7 Qxb7 18. Bxf6 Nxf6 19. Qe2 Rfd8 20. Rad1 h6 21. Nf3 Qc7 22. h4 Rxd1 23. Rxd1 Rd8 24. Rxd8+ Qxd8 25. Kg2 Qa8 26. Qe5 Ng4 27. Qf4 h5 28. Kf1 f6 1/2-1/2

[Event "CP-2017-S-00004"]
[Site "LSS email"]
[Date "2017.02.06"]
[Round "?"]
[White "Krause, Peter"]
[Black "Mashchenko, Vladimir"]
[Result "1/2-1/2"]
[WhiteElo "2388"]
[BlackElo "2336"]
[PlyCount "45"]
[EventDate "2017.02.12"]
[EventType "tourn (corr)"]
[EventRounds "7"]
[EventCountry "GER"]
[SourceTitle "Corr 2022"]
[Source "ChessBase"]
[SourceDate "2021.10.24"]
[SourceVersion "1"]
[SourceVersionDate "2021.10.24"]
[SourceQuality "1"]

1. d4 Nf6 2. c4 e6 3. Nf3 d5 4. Nc3 c6 5. Bg5 h6 6. Bxf6 Qxf6 7. e3 Nd7 8. Bd3 dxc4 9. Bxc4 g6 10. 0-0 Bg7 11. a4 a5 12. Qc2 0-0 13. Rfd1 Qe7 14. e4 Qb4 15. Be2 c5 16. dxc5 Qxc5 17. Rac1 b6 18. Bb5 Qe7 19. Bc6 Rb8 20. Nb5 Nc5 21. e5 Ba6 22. Nd6 Rbd8 23. g3 1/2-1/2

[Event "CP-2017-S-00004"]
[Site "LSS email"]
[Date "2017.02.06"]
[Round "?"]
[White "Wisham, Clyde"]
[Black "Krause, Peter"]
[Result "1/2-1/2"]
[WhiteElo "2152"]
[BlackElo "2388"]
[PlyCount "45"]
[EventDate "2017.02.12"]
[EventType "tourn (corr)"]
[EventRounds "7"]
[EventCountry "GER"]
[SourceTitle "Corr 2022"]
[Source "ChessBase"]
[SourceDate "2021.10.24"]
[SourceVersion "1"]
[SourceVersionDate "2021.10.24"]
[SourceQuality "1"]

1. d4 Nf6 2. c4 e6 3. g3 d5 4. Nf3 Bb4+ 5. Bd2 Be7 6. Bg2 0-0 7. 0-0 c6 8. Qb3 b6 9. Nc3 Ba6 10. cxd5 cxd5 11. Rfc1 Nc6 12. Nxd5 Qxd5 13. Qxd5 Nxd5 14. Rxc6 Bxe2 15. a4 Bb4 16. Ne5 Bxd2 17. Rc2 Bb4 18. Rxe2 Rac8 19. Bxd5 exd5 20. Nd3 Rc4 21. Nxb4 Rxb4 22. a5 Rxd4 23. Re7 1/2-1/2

[Event "CP-2016-Q-00003"]
[Site "LSS email"]
[Date "2016.11.23"]
[Round "?"]
[White "Krause, Peter"]
[Black "Oliveira, Marcio B"]
[Result "1/2-1/2"]
[WhiteElo "2403"]
[BlackElo "2293"]
[PlyCount "55"]
[EventDate "2016.12.01"]
[EventType "tourn (corr)"]
[EventRounds "6"]
[EventCountry "GER"]
[SourceTitle "Corr 2022"]
[Source "ChessBase"]
[SourceDate "2021.10.24"]
[SourceVersion "1"]
[SourceVersionDate "2021.10.24"]
[SourceQuality "1"]

1. e4 e5 2. Nf3 Nc6 3. Bb5 Nf6 4. 0-0 Nxe4 5. Re1 Nd6 6. Nxe5 Be7 7. Bf1 Nxe5 8. Rxe5 0-0 9. d4 Bf6 10. Re1 Re8 11. c3 Rxe1 12. Qxe1 Ne8 13. Bf4 d5 14. Bd3 g6 15. Nd2 Ng7 16. Nf3 Bf5 17. Bxf5 Nxf5 18. Qe2 c6 19. Re1 Ng7 20. Be5 Bxe5 21. Nxe5 Qd6 22. Qf3 f6 23. Nd3 Re8 24. Rxe8+ Nxe8 25. Qe3 Ng7 26. g3 Kf7 27. Qh6 Kg8 28. Qh3 1/2-1/2

[Event "WC-2016-Q-00004"]
[Site "LSS email"]
[Date "2016.08.29"]
[Round "?"]
[White "Krause, Peter"]
[Black "Billio, Maria"]
[Result "1/2-1/2"]
[WhiteElo "2411"]
[BlackElo "2075"]
[PlyCount "103"]
[EventDate "2016.09.03"]
[EventType "tourn (corr)"]
[EventRounds "12"]
[EventCountry "GER"]
[SourceTitle "Corr 2022"]
[Source "ChessBase"]
[SourceDate "2021.10.24"]
[SourceVersion "1"]
[SourceVersionDate "2021.10.24"]
[SourceQuality "1"]

1. e4 c6 2. d4 d5 3. e5 c5 4. Nf3 cxd4 5. Nxd4 Nc6 6. c4 dxc4 7. Nxc6 Qxd1+ 8. Kxd1 bxc6 9. Bxc4 Bf5 10. Nc3 e6 11. Ke2 Ne7 12. Rd1 Nd5 13. Bb3 Be7 14. Bd2 0-0 15. f3 f6 16. Rac1 Rac8 17. Na4 fxe5 18. Nc5 Bxc5 19. Rxc5 e4 20. Rdc1 exf3+ 21. gxf3 h6 22. Rxc6 Rcd8 23. Ba5 Rd7 24. Rc8 Rxc8 25. Rxc8+ Kf7 26. Ba4 Rb7 27. b3 Kf6 28. Bc6 Rf7 29. Bxd5 exd5 30. Bc3+ Kg5 31. Rc5 Kh4 32. Rxd5 g6 33. b4 Kh3 34. Be5 Rd7 35. Rxd7 Bxd7 36. Bg3 a6 37. Kd3 h5 38. f4 Bc6 39. Kd4 h4 40. Be1 Kxh2 41. Bxh4 Kg2 42. Bg5 Bb5 43. Kc5 Kf3 44. Kb6 Ke4 45. a4 Bxa4 46. Kxa6 Bc2 47. b5 Bd3 48. Kb6 Kd5 49. Bh6 Kc4 50. Bf8 Bf5 51. Ka5 Bd7 52. b6 1/2-1/2

[Event "WC-2016-Q-00004"]
[Site "LSS email"]
[Date "2016.08.29"]
[Round "?"]
[White "Krause, Peter"]
[Black "Domanov, Dmitry"]
[Result "1/2-1/2"]
[WhiteElo "2411"]
[BlackElo "2541"]
[PlyCount "36"]
[EventDate "2016.09.03"]
[EventType "tourn (corr)"]
[EventRounds "12"]
[EventCountry "GER"]
[SourceTitle "Corr 2022"]
[Source "ChessBase"]
[SourceDate "2021.10.24"]
[SourceVersion "1"]
[SourceVersionDate "2021.10.24"]
[SourceQuality "1"]

1. e4 c5 2. Nf3 d6 3. Bb5+ Bd7 4. Bxd7+ Qxd7 5. c4 Nf6 6. Nc3 Nc6 7. d4 cxd4 8. Nxd4 e6 9. 0-0 Be7 10. Be3 0-0 11. Qe2 a6 12. Rad1 Rac8 13. b3 Qc7 14. f4 Nxd4 15. Bxd4 e5 16. Be3 b5 17. fxe5 dxe5 18. Nd5 Nxd5 1/2-1/2

[Event "WC-2016-S-00001"]
[Site "LSS email"]
[Date "2016.07.28"]
[Round "?"]
[White "Szczepanski, Zbigniew"]
[Black "Krause, Peter"]
[Result "1/2-1/2"]
[WhiteElo "2470"]
[BlackElo "2414"]
[PlyCount "61"]
[EventDate "2016.08.03"]
[EventType "tourn (corr)"]
[EventRounds "12"]
[EventCountry "GER"]
[SourceTitle "Corr 2022"]
[Source "ChessBase"]
[SourceDate "2021.10.24"]
[SourceVersion "1"]
[SourceVersionDate "2021.10.24"]
[SourceQuality "1"]

1. e4 e5 2. Nf3 Nc6 3. Bc4 Bc5 4. c3 Nf6 5. d3 a6 6. 0-0 d6 7. a4 h6 8. b4 Ba7 9. Nbd2 0-0 10. Re1 Ng4 11. Re2 Nf6 12. h3 Ne7 13. a5 Ng6 14. Re1 Re8 15. Nf1 d5 16. exd5 Nxd5 17. Ng3 Be6 18. Bd2 c6 19. Rb1 Qd6 20. Nh5 Rad8 21. Qc1 Kh7 22. Qc2 Qe7 23. Ng3 Kh8 24. Qc1 f6 25. d4 Qf7 26. Re4 Bb8 27. Re1 Ndf4 28. Bxe6 Nxe6 29. dxe5 fxe5 30. Qc2 Nef4 31. Qe4 1/2-1/2

[Event "BI-2016-F-0000"]
[Site "LSS email"]
[Date "2016.02.14"]
[Round "?"]
[White "Bormida, Adolfo"]
[Black "Krause, Peter"]
[Result "1/2-1/2"]
[WhiteElo "2392"]
[BlackElo "2410"]
[PlyCount "100"]
[EventDate "2016.02.20"]
[EventType "tourn (corr)"]
[EventRounds "10"]
[EventCountry "GER"]
[SourceTitle "Corr 2022"]
[Source "ChessBase"]
[SourceDate "2021.10.24"]
[SourceVersion "1"]
[SourceVersionDate "2021.10.24"]
[SourceQuality "1"]

1. e4 c5 2. d4 cxd4 3. c3 dxc3 4. Nxc3 Nc6 5. Nf3 e6 6. Bc4 a6 7. 0-0 b5 8. Bb3 Bb7 9. Qe2 Nge7 10. Bg5 Na5 11. Rad1 Nxb3 12. axb3 f6 13. Be3 Ng6 14. Nd4 Qc7 15. f4 Bc5 16. f5 exf5 17. exf5 Ne5 18. Qh5+ Nf7 19. Bf4 Qb6 20. Qe2+ Ne5 21. Bxe5 0-0 22. b4 fxe5 23. bxc5 Qxc5 24. Ne4 Bxe4 25. Qxe4 exd4 26. Rxd4 Rae8 27. Qd5+ Qxd5 28. Rxd5 Re2 29. Rf2 Re1+ 30. Rf1 Rxf1+ 31. Kxf1 h5 32. Ke2 Rc8 33. Rxd7 Rc2+ 34. Rd2 Rc5 35. Ke3 Rxf5 36. g3 Kf7 37. Rd7+ Kg6 38. Ra7 Rf6 39. b3 Kh6 40. h4 Kg6 41. Ke4 Re6+ 42. Kf4 Kh6 43. b4 Rg6 44. Kf3 Rc6 45. Ke4 Kh7 46. Kd5 Rc4 47. Rxa6 Rxb4 48. Ra3 Rg4 49. Rb3 b4 50. Rf3 g5 1/2-1/2

[Event "BI-2016-F-0000"]
[Site "LSS email"]
[Date "2016.02.14"]
[Round "?"]
[White "Kuhne, Detlev"]
[Black "Krause, Peter"]
[Result "1/2-1/2"]
[WhiteElo "2432"]
[BlackElo "2410"]
[PlyCount "61"]
[EventDate "2016.02.20"]
[EventType "tourn (corr)"]
[EventRounds "10"]
[EventCountry "GER"]
[SourceTitle "Corr 2022"]
[Source "ChessBase"]
[SourceDate "2021.10.24"]
[SourceVersion "1"]
[SourceVersionDate "2021.10.24"]
[SourceQuality "1"]

1. d4 Nf6 2. c4 e6 3. Nc3 Bb4 4. Nf3 b6 5. Bg5 h6 6. Bh4 g5 7. Bg3 Ne4 8. Rc1 Bb7 9. Nd2 Bxc3 10. bxc3 Nxg3 11. hxg3 d6 12. e4 Nd7 13. Bd3 Qe7 14. a4 0-0-0 15. a5 h5 16. axb6 axb6 17. Rxh5 f5 18. exf5 exf5+ 19. Qe2 Qxe2+ 20. Bxe2 Bxg2 21. Kd1 Rxh5 22. Bxh5 Rf8 23. Ke2 Nf6 24. Bg6 Ne4 25. Nxe4 fxe4 26. Rg1 Bf3+ 27. Ke3 Rf6 28. Be8 Kd8 29. Bc6 Ke7 30. Re1 Bg2 31. Ke2 1/2-1/2

[Event "BI-2016-F-0000"]
[Site "LSS email"]
[Date "2016.02.14"]
[Round "?"]
[White "Stolz, Stephan"]
[Black "Krause, Peter"]
[Result "1/2-1/2"]
[WhiteElo "2329"]
[BlackElo "2410"]
[PlyCount "49"]
[EventDate "2016.02.20"]
[EventType "tourn (corr)"]
[EventRounds "10"]
[EventCountry "GER"]
[SourceTitle "Corr 2022"]
[Source "ChessBase"]
[SourceDate "2021.10.24"]
[SourceVersion "1"]
[SourceVersionDate "2021.10.24"]
[SourceQuality "1"]

1. c4 Nf6 2. g3 c6 3. Bg2 d5 4. Nf3 dxc4 5. 0-0 Nbd7 6. Qc2 Nb6 7. Na3 Be6 8. Ng5 Bg4 9. Nxc4 Bxe2 10. Ne5 Bh5 11. Re1 h6 12. Ne4 e6 13. Nxf6+ gxf6 14. Nxc6 bxc6 15. Bxc6+ Nd7 16. Qf5 Bg6 17. Rxe6+ Be7 18. Qxf6 Rg8 19. Re1 Kf8 20. Qf4 Rc8 21. Qxh6+ Rg7 22. Qh8+ Rg8 23. Qh6+ Rg7 24. Qh8+ Rg8 25. Qh6+ 1/2-1/2

[Event "BI-2016-F-0000"]
[Site "LSS email"]
[Date "2016.02.14"]
[Round "?"]
[White "Zakharov, Oleg Yu"]
[Black "Krause, Peter"]
[Result "1/2-1/2"]
[WhiteElo "2303"]
[BlackElo "2410"]
[PlyCount "87"]
[EventDate "2016.02.20"]
[EventType "tourn (corr)"]
[EventRounds "10"]
[EventCountry "GER"]
[SourceTitle "Corr 2022"]
[Source "ChessBase"]
[SourceDate "2021.10.24"]
[SourceVersion "1"]
[SourceVersionDate "2021.10.24"]
[SourceQuality "1"]

1. e4 c5 2. Nf3 d6 3. d4 cxd4 4. Nxd4 Nf6 5. Nc3 a6 6. Be3 Ng4 7. Bg5 h6 8. Bh4 g5 9. Bg3 Bg7 10. h3 Ne5 11. Nf5 Bxf5 12. exf5 Nbc6 13. Nd5 e6 14. fxe6 fxe6 15. Ne3 0-0 16. Be2 d5 17. 0-0 Ng6 18. c4 d4 19. Qc2 Nge7 20. Rad1 Qa5 21. Ng4 Nf5 22. c5 Kh8 23. a3 h5 24. Nh2 Nxg3 25. fxg3 d3 26. Rxd3 Nd4 27. Qd1 Nxe2+ 28. Qxe2 Qxc5+ 29. Kh1 Rxf1+ 30. Nxf1 g4 31. Qxe6 Qe5 32. Qxe5 Bxe5 33. hxg4 hxg4 34. b3 Re8 35. Re3 Kg8 36. Re4 Kf7 37. Ne3 Bxg3 38. Rxe8 Kxe8 39. Nxg4 Kf7 40. Kg1 Ke6 41. Kf1 Kf5 42. Ne3+ Ke4 43. Ke2 Bf4 44. Nc2 1/2-1/2

[Event "CP-2015-Q-00016"]
[Site "LSS email"]
[Date "2015.12.02"]
[Round "?"]
[White "Krause, Peter"]
[Black "Frendzas, Panayotis"]
[Result "1/2-1/2"]
[WhiteElo "2409"]
[BlackElo "2531"]
[PlyCount "42"]
[EventDate "2015.12.08"]
[EventType "tourn (corr)"]
[EventRounds "6"]
[EventCountry "GER"]
[SourceTitle "Corr 2022"]
[Source "ChessBase"]
[SourceDate "2021.10.24"]
[SourceVersion "1"]
[SourceVersionDate "2021.10.24"]
[SourceQuality "1"]

1. e4 c5 2. Nf3 d6 3. Bb5+ Bd7 4. Bxd7+ Qxd7 5. 0-0 Nf6 6. Re1 Nc6 7. c3 e6 8. d4 cxd4 9. cxd4 d5 10. e5 Ne4 11. Nbd2 Nxd2 12. Bxd2 Be7 13. Rc1 0-0 14. Re3 Rac8 15. Rec3 a6 16. g3 Na7 17. Kg2 Rxc3 18. Rxc3 Rc8 19. Rxc8+ Qxc8 20. Qb3 Nc6 21. h4 h5 1/2-1/2

[Event "CP-2015-P-00034"]
[Site "LSS email"]
[Date "2015.09.28"]
[Round "?"]
[White "Ausan, Leo Tito Jr"]
[Black "Krause, Peter"]
[Result "0-1"]
[WhiteElo "1281"]
[BlackElo "2403"]
[PlyCount "36"]
[EventDate "2015.10.01"]
[EventType "tourn (corr)"]
[EventRounds "6"]
[EventCountry "GER"]
[SourceTitle "Corr 2022"]
[Source "ChessBase"]
[SourceDate "2021.10.24"]
[SourceVersion "1"]
[SourceVersionDate "2021.10.24"]
[SourceQuality "1"]

1. e4 c5 2. Nf3 Nc6 3. Bb5 g6 4. 0-0 Bg7 5. c3 Nf6 6. Re1 0-0 7. d4 d5 8. exd5 Qxd5 9. Bxc6 Qxc6 10. Rxe7 Be6 11. Ne5 Qc8 12. Qf3 cxd4 13. Qxb7 Nd5 14. Nc6 Kh8 15. Nxa7 Qc5 16. Rxe6 fxe6 17. Nc6 dxc3 18. Nxc3 Qxf2+ 0-1